• 首页
  • 本馆介绍
  • 公告通知
  • 最新文献
  • 馆藏检索
  • 电子资源
  • 读者导购
  • 参考咨询
  • 我的图书馆
  • 登录
  • 详细信息显示
  • 放入我的书架
  • 预约/预借图书
  • 作者相关作品
  • 分类相关作品
  • 丛书相关作品
  • 出版社相关作品

书目信息

  • 表格格式
  • 工作单格式
  • 卡片格式
题名:
大学化学
    
 
作者: 胡常伟 主编
分册:  
出版信息: 北京   化学工业出版社  2004
页数: 545页
开本: 26cm
丛书名:
单 册:
中图分类: O6-43
科图分类:
主题词: 化学--高等学校--教材 , 化学
电子资源:
ISBN: 7-5025-5855-1
000 00820nam0 2200253 450
001 012007225157
005 20070522165101.90
010    @a7-5025-5855-1@dCNY50.00
100    @a20070515d2004 km y0chiy0120 ea
101 0  @achi
102    @aCN@b110000
105    @aa z 000yy
106    @ar
200 1  @a大学化学@Ada xue hua xue@f胡常伟主编@Fhu chang wei zhu bian
210    @a北京@c化学工业出版社@d2004
215    @a545页@c图@d26cm
300    @a生命科学、医学、药学专业七年制教材
330    @a本书力求体现基础性、先进性和科学性的统一,内容包括物质的聚集态及相变化、分散体系、化学热力学基础、化学动力学基础、晶体结构、仪器分析方法等。
606 0  @a化学@x高等学校@j教材
606 0  @a化学
690    @aO6-43@v4
701  0 @a胡常伟@Ahu chang wei@4主编
801  0 @aCN@bRULIN@c20070522
905    @dO6-43@e381@s8
    
    大学化学/胡常伟主编.-北京:化学工业出版社,2004
    545页:图;26cm
    生命科学、医学、药学专业七年制教材
    
    ISBN 7-5025-5855-1:CNY50.00
    本书力求体现基础性、先进性和科学性的统一,内容包括物质的聚集态及相变化、分散体系、化学热力学基础、化学动力学基础、晶体结构、仪器分析方法等。
●
相关链接 在E读中查询图书 在五车中查询图书 在当当中查询图书 在豆瓣中查询图书


正题名:大学化学     索取号:O6-43/381         预约/预借

序号 登录号 条形码 馆藏地/架位号 状态 备注
1 0579485   205794853   第二样本阅览室/ [索取号:O6-43/381] 在馆    
2 0579486   205794862   第三借阅区/ [索取号:O6-43/381] 在馆    
3 0579487   205794871   第三借阅区/ [索取号:O6-43/381] 在馆    
4 0579488   205794880   第三借阅区/ [索取号:O6-43/381] 在馆    
5 0579489   205794899   第三借阅区/ [索取号:O6-43/381] 在馆    
6 0579490   205794906   第三借阅区/ [索取号:O6-43/381] 在馆    
7 0579491   205794915   第三借阅区/ [索取号:O6-43/381] 在馆    
8 0579492   205794924   第三借阅区/ [索取号:O6-43/381] 在馆    
唐山师范学院图书馆 欢迎您!
大连网信软件有限公司© 版权所有